Bytový dom

Guardado en:
Detalles Bibliográficos
Autor principal: Dobisová, Tatiana Dagmar (Autor)
Otros Autores: Vargová, Andrea (Orientador)
Formato: Manuscrito Libro
Lenguaje:eslovaco
Publicado: 2025
Materias:
Acceso en línea:http://is.stuba.sk/zp/portal_zp.pl?podrobnosti=167298
CRZP
Etiquetas: Agregar Etiqueta
Sin Etiquetas, Sea el primero en etiquetar este registro!

MARC

LEADER 00000ntm a22000003a 4500
001 stuzp104476
003 SK-STU
005 20250722141504.7
007 ta
008 150427s2015----xo-----f-mn---000-0-slo-d
040 |a STU  |b slo 
041 0 |a slo 
100 1 |a Dobisová, Tatiana Dagmar  |u 010180  |4 aut  |U SvF Stavebná fakulta  |T SvF Katedra konštrukcií pozemných stavieb  |X 114681  |U V180  |Y 18  |7 114681 
242 0 1 |a Residential house  |y eng 
245 1 0 |a Bytový dom 
260 |c 2025 
650 4 |a bytový dom  |2 slo 
650 4 |a polyfunkcia  |2 slo 
650 4 |a realizácia stavby  |2 slo 
650 4 |a polyfunction  |2 eng 
650 4 |a apartment house  |2 eng 
650 4 |a construction realization  |2 eng 
700 1 |a Vargová, Andrea  |u 010180  |k Z1  |4 ths  |U SvF Stavebná fakulta  |T SvF Katedra konštrukcií pozemných stavieb  |X 618  |U V180  |Y 18  |7 A000000618 
856 4 |u http://is.stuba.sk/zp/portal_zp.pl?podrobnosti=167298 
856 4 |u https://opac.crzp.sk/?fn=detailBiblioForm&sid=C9A1C75A261DD259FC86471E26A3  |z CRZP